| 000 | 00646cam a2200229 4500500 | ||
|---|---|---|---|
| 005 | 20260405000245.0 | ||
| 041 | _afre | ||
| 042 | _adc | ||
| 100 | 1 | 0 |
_aDecalonne, Célia _eauthor |
| 245 | 0 | 0 | _aLe congé menstruel, avancée ou régression ? |
| 260 | _c2023. | ||
| 500 | _a37 | ||
| 690 | _aEmpowerment | ||
| 690 | _aEntreprise | ||
| 690 | _aFemmes/hommes | ||
| 690 | _aInégalités | ||
| 690 | _aPolitique | ||
| 690 | _aSanté | ||
| 690 | _aVie pro / vie perso | ||
| 786 | 0 | _nPhilonomist | - | 4 | 2023-03-06 | p. 47-51 | |
| 856 | 4 | 1 | _uhttps://shs.cairn.info/magazine-philonomist-2023-4-page-47?lang=fr&redirect-ssocas=7080 |
| 999 |
_c2035231 _d2035230 |
||